Sabotażysta - Uczestnicy - Statystyki

Ogólne statystyki
  • Ten quiz został rozwiązany 51 razy
  • Średni wynik to 24 z 46
Statystyki odpowiedzi
Sezon Uczestnik % Poprawnych
3 Jakub "Patec" Patecki
83%
4 Natalia "Natsu" Karczmarczyk
83%
4 Patryk "Kizo" Woziński
83%
2 Piotr "Łatwogang" Garkowski
78%
4 Tymoteusz Puchacz
78%
4 Łukasz "Kuqe 2115" Dziemiński
75%
4 Marta "Murcix" Błoch
75%
4 Mateusz "Tromba" Trąbka
75%
4 Sebastian Fabijański
70%
3 Krystian "Góral" Hreska
68%
4 Dominik "Mokry Suchar" Stokłosa
65%
4 Hanna "Hi Hania" Puchalska
65%
1&2 Jakub "Glencu" Glenc
65%
3 Tomasz "Gimper" Działowy
65%
2 Karolina "Nieuczesana" Brodnicka
63%
3 Marcin "Prawo Marcina" Kruszewski
63%
4 Żaklina Ta Dinh
60%
2 Adam "AJ" Josef-Modzelewski
58%
2 Julia Żugaj
58%
2 Mikołaj "Konopskyy" Tylko
55%
2 Piotr "Nowciax" Nowak
53%
4 Sylwia Gaczorek
53%
1 Szymon "Szumi" Szumciak
53%
2 Wojciech "OjWojtek" Przeździecki
53%
3 Marta "Martirenti" Rentel
50%
3 Kamil "Kaluch" Kaliński
48%
1 Katarzyna "Kasix" Paciorek
48%
1 Marek Wita
48%
2 Maria Jeleniewska
48%
1 Sebastian "Czajnik" Czajewski
48%
2 Kaja Soboń
45%
4 Artur "Fizjotherapist" Karapetyan
43%
1 Marcin Dubiel
38%
2 Nadia Długosz
38%
1 Faustyna "Fausti" Fugińska
35%
3 Jakub "Kubańczyk" Flas
33%
2 Kacper "Kinderski" Bajraszewski
33%
3 Karolina Byrgiel
33%
3 Marcel Wasiluk
33%
3 Oskar "Oski" Haracz
33%
1 Filip "Yoshi" Panek
30%
1 Klaudia "Sheeya" Kołodziejczyk
30%
1 Monika Kociołek
30%
3 Julia Machunik
28%
1 Wiktoria "Toffiki" Wierzgoń
23%
3 Domika Rybak
18%
Nie znaleziono quizów pasujących do podanych kryteriów
Rozkład punktacji
Procent ludzi z każdym wynikiem
Percentyl według liczby udzielonych odpowiedzi
Twoja historia wyników
Nie rozwiązałeś tego quizu